00808nam a2200253 a 4500001001300000003000900013005001700022008004100039020001000080082001800090100001300108245003700121260005900158300000800217500003500225505007900260650001900339650003700358700001300395902000800408942000700416952011800423999001300541nice12345678IN_TiNIC20260116011315.0050524s1966 bana grp 000 0 eng  ac10000a230.0954bDAS aDas, R C aConviction of an Indian Disciple aBangalorebChristian Instt.For Study of Religionc1966 a33p aincludes index and biblioraphy2 aunited nations conference on trade and development.Feb 1 to march 25 1968. aTheology-India aChristianity and Other Religions1 aDas, R C bSRS cBK 001040708StackRoom-aHMIbHMId2007-06-13g100.00l0o230.0954 DASp03498r2007-06-13v100.00w2005-05-24yBK c365d365